Normal view
MARC view
Entry Topical Term
001 - CONTROL NUMBER
- control field: 1608024
003 - CONTROL NUMBER IDENTIFIER
- control field: NLI
005 - DATE AND TIME OF LATEST TRANSACTION
- control field: 20250324124423.0
008 - FIXED-LENGTH DATA ELEMENTS
- fixed length control field: 250324|| aca||aabn | a|a d
040 ## - CATALOGING SOURCE
- Original cataloging agency: NLI
- Transcribing agency: NLI
150 ## - HEADING--TOPICAL TERM
- Topical term or geographic name entry element: Social stratification
- Geographic subdivision: Latin America
670 ## - SOURCE DATA FOUND
- Source citation: Work cat.: (NLI)1660705: Alabarces, Pablo, author. 1608020, Post-popular cultures and digital capitalism in Latin America /, [2024]
